Every NBA Team's Best Player All-Time - Statistics

General Stats
  • This quiz has been taken 48 times
    42 since last reset
  • The average score is 21 of 30
Answer Stats
Team Player % Correct
Mavericks Dirk Nowitzki
100%
Lakers Kobe Bryant
100%
Bulls Michael Jordan
100%
Spurs Tim Duncan
100%
Heat Dwayne Wade
97%
Celtics Bill Russell
91%
Pistons Isiah Thomas
91%
Hawks Dominique Wilkins
88%
Rockets Hakeem Olajuwon
88%
Cavaliers LeBron James
88%
Pacers Reggie Miller
79%
Warriors Wilt Chamberlain
76%
Bucks Kareem Abdul-Jabbar
73%
Timberwolves Kevin Garnett
73%
Nets Jason Kidd
70%
Jazz Karl Malone
70%
Thunder Russell Westbrook
70%
Clippers Chris Paul
64%
76ers Julius Erving
64%
Pelicans Anthony Davis
58%
Grizzlies Marc Gasol
58%
Hornets Kemba Walker
55%
Nuggets Alex English
52%
Trailblazers Clyde Drexler
52%
Magic Dwight Howard
48%
Suns Steve Nash
45%
Raptors Demar DeRozan
42%
Knicks Walt Frazier
39%
Wizards Wes Unseld
39%
Kings Oscar Robertson
30%
No matching quizzes found
Score Distribution
Percent of People with Each Score
Percentile by Number Answered
Your Score History
You have not taken this quiz since the last reset